000 00843nam a2200265Ia 4500
003 OSt
005 20220928124321.0
006 a|||||r|||| 00| 0
007 ta
008 220927b |||||||| |||| 00| 0 eng d
020 _c495
024 _a128230
037 _b065, 29/12/2015, Better Book Service
_cTextual
040 _aSDCL
_cSDCL
_beng
041 _2eng
_aeng
082 _aX:72, Q4
100 _aNattrass Nicoli
_9464343
245 0 _aMacroeconomics simplified
_b Understanding keynesian and neoclassical macroeconomic systems
260 _aNew Delhi
_bSage
_c2014
300 _axv;203p.
_ccm.
650 _aBusiness Economics
_9391653
700 _a Varma G. Vikakh
_9464344
942 _hX:72, Q4
_cTEXL
_2CC
999 _c777257
_d777257